MARC details
| 000 -LÍDER |
| campo de controle de tamanho fixo |
01223nam a22003617a 4500 |
| 001 - NÚMERO DE CONTROLE |
| campo de controle |
BR8403903 |
| 003 - IDENTIFICADOR DO NÚMERO DE CONTROLE |
| campo de controle |
BR-BrBNA |
| 005 - DATA E HORÁRIO DA ÚLTIMA TRANSAÇÃO |
| campo de controle |
20230928092005.0 |
| 007 - CAMPO FIXO DE DESCRIÇÃO FÍSICA--INFORMAÇÃO GERAL |
| campo de controle de tamanho fixo |
ta |
| 008 - CAMPO DE DADOS FIXOS--INFORMAÇÃO GERAL |
| campo de controle de tamanho fixo |
230509b bl.||||| |||| 00| 0 por d |
| 040 ## - FONTE DA CATALOGAÇÃO |
| Instituição da catalogação original |
BR-BrBNA |
| Idioma da catalogação |
por |
| Instituição que transcreveu o registro |
Biblioteca Nacional de Agricultura |
| 041 ## - CÓDIGO DE IDIOMA |
| Código do idioma do texto/trilha sonora ou título diferente |
(Por) |
| 072 ## - CÓDIGO DE CATEGORIA DE ASSUNTO |
| Código de Categoria de Assunto |
E70; E30; S00 |
| Código do objeto |
9000 |
| -- |
/G514 |
| 090 ## - NÚMERO DE CHAMADA LOCAL |
| -- |
9000 BR8403903 |
| 110 1# - ENTRADA PRINCIPAL--NOME CORPORATIVO |
| Nome corporativo ou nome da jurisdição |
Secretaria da Agricultura e Abastecimento do Estado de Sao Paulo, Sao Paulo (Brasil) |
| 9 (RLIN) |
8277 |
| 111 1# - ENTRADA PRINCIPAL--NOME DO EVENTO |
| Nome do evento ou lugar |
Seminario Nacional de Abastecimento Alimentar em Grandes Cidades - A Experiencia de Sao Paulo |
| Local do evento |
Sao Paulo, SP (Brazil) |
| Data do evento ou assinatura do tratado |
15-19 Oct 1984 |
| 245 1# - TÍTULO |
| Título |
Anais do Seminario Nacional de Abastecimento Alimentar em Grandes Cidades - A Experiencia de Sao Paulo [Brasil] |
| 260 3# - PUBLICAÇÃO, DISTRIBUIÇÃO, ETC. |
| Local de publicação, distribuição, etc. |
Sao Paulo, SP (Brasil): |
| Data da publicação, distribuição, etc. |
1984. |
| 300 ## - DESCRIÇÃO FÍSICA |
| Extensão |
421 p. |
| 650 ## - ASSUNTO--TERMO TÓPICO |
| Cabeçalho tópico ou nome geográfico |
ALIMENTO |
| 650 ## - ASSUNTO--TERMO TÓPICO |
| Cabeçalho tópico ou nome geográfico |
ABASTECIMENTO |
| 650 ## - ASSUNTO--TERMO TÓPICO |
| Cabeçalho tópico ou nome geográfico |
PADRAO DE ALIMENTO |
| 650 ## - ASSUNTO--TERMO TÓPICO |
| Cabeçalho tópico ou nome geográfico |
CONSUMO ALIMENTAR |
| 650 ## - ASSUNTO--TERMO TÓPICO |
| Cabeçalho tópico ou nome geográfico |
CONSUMIDOR |
| 650 ## - ASSUNTO--TERMO TÓPICO |
| Cabeçalho tópico ou nome geográfico |
BAIXA RENDA |
| 650 ## - ASSUNTO--TERMO TÓPICO |
| Cabeçalho tópico ou nome geográfico |
COMPRA |
| 650 ## - ASSUNTO--TERMO TÓPICO |
| Cabeçalho tópico ou nome geográfico |
SUPRIMENTO DE ALIMENTO |
| 650 ## - ASSUNTO--TERMO TÓPICO |
| Cabeçalho tópico ou nome geográfico |
PROJETO DE DESENVOLVIMENTO |
| 650 ## - ASSUNTO--TERMO TÓPICO |
| Cabeçalho tópico ou nome geográfico |
COOPERATIVA DE CONSUMO |
| 650 ## - ASSUNTO--TERMO TÓPICO |
| Cabeçalho tópico ou nome geográfico |
SAO PAULO |
| 909 ## - |
| -- |
202309 |
| -- |
Lucia |
| -- |
55 |
| -- |
Lucia Elande |
| 942 ## - ELEMENTOS DE ENTRADA ADICIONADOS (KOHA) |
| Tipo de material Koha |
Livros |